000 00345nam a2200157Ia 4500
003 Ost
005 20260225132546.0
008 260225s9999||||xx |||||||||||||| ||und||
040 _cfsic
041 _afre
082 _a440
100 _aDolly Soulié
_eAuteur
245 0 _aTraduire en Anglais /
245 0 _cDolly Soulié
942 _cكتاب
999 _c33850
_d33850